00430nam a2200169Ia 4500003000400000005001700004008004100021020001800062040000700080041000800087082002300095100003100118245003700149260004700186300001400233365001300247OSt20230325094617.0210423s2006 xx 000 0 und d a9788177585636 cAL aeng a658.576 223bKRIK aKRISHNASWAMY (K N);others. aManagement research methodology. aNew DelhibPearson Education Pvt Ltdc2006 axxiii,573 b350cINR